| 000 | 00510cam a2200145 4500500 | ||
|---|---|---|---|
| 005 | 20251012032515.0 | ||
| 041 | _afre | ||
| 042 | _adc | ||
| 100 | 1 | 0 |
_aLévi, Florence _eauthor |
| 245 | 0 | 0 | _aMarie-Claire Ropars-Wuilleumier, Écrire l’espace, puv, Coll. « Esthétiques hors cadre », 2002, 180 p. |
| 260 | _c2003. | ||
| 500 | _a96 | ||
| 786 | 0 | _nSigila | 11 | 1 | 2003-06-20 | p. 216-218 | 1286-1715 | |
| 856 | 4 | 1 | _uhttps://shs.cairn.info/revue-sigila-2003-1-page-216?lang=fr&redirect-ssocas=7080 |
| 999 |
_c1547527 _d1547527 |
||